Step by step guide to start investing (Record no. 164062)

MARC details
000 -LEADER
fixed length control field 00499nam a2200169 4500
005 - DATE AND TIME OF LATEST TRANSACTION
control field 20190509122448.0
010 ## - LCCN (DPL NO)
LC control number ENG-125150
020 ## - INTERNATIONAL STANDARD BOOK NUMBER
International Standard Book Number 9789380200330
Terms of availability 499.00
035 ## - SYSTEM CONTROL NUMBER
System control number EN-108682
037 ## - SOURCE OF ACQUISITION
Source of stock number/acquisition DBAD/PUB
082 ## - DEWEY DECIMAL CLASSIFICATION NUMBER
Classification number 332.6
245 ## - TITLE STATEMENT
Title Step by step guide to start investing
260 ## - PUBLICATION, DISTRIBUTION, ETC. (IMPRINT)
Place of publication, distribution, etc New Delhi
Name of publisher, distributor, etc Network 18 Publications
Date of publication, distribution, etc 2011
270 ## - ADDRESS
Address 507, Prabhat Kiran, 17, Rajendra Place
City New Delhi
Postal code 110008
300 ## - PHYSICAL DESCRIPTION
Extent 156p.
Dimensions 25cm(Hb)
942 ## - ADDED ENTRY ELEMENTS (KOHA)
Source of classification or shelving scheme Dewey Decimal Classification
Item type English Books
Classification part 332.6
Call number suffix STE
Holdings
Withdrawn status Lost status Not for loan Collection code Home library Current library Date acquired Source of acquisition Cost, normal purchase price Full call number Barcode Copy number Cost, replacement price Koha item type
      Non-fiction Ashok Vihar Ashok Vihar 09/05/2019 DBAD/PUB 499.00 332.6 STE EN-108682 1 499.00 English Books

© Delhi Public Library
Hit Counter
free hit counter